01117 2200253 4500001002100000005001500021035002000036007000300056008004100059020001800100082001000118084001600128100002000144245010500164250000600269260003300275300004600308700001500354700002000369500003200389650001900421520040600440990001700846INLIS00000000000152020260520082607 a0010-1123000151ta260520 j 0 ind  a979-534-347-5 a681.1 a681.1 SEY r0 aSeymour, Claire1 aRahasia di balk jam /cClaire Seymour ; alih bahasa, Aburiyanti ; penyunting bahasa, Rachmat Isnanto a- aBandung :bPakar Raya,c2006 a32 :bilus. ; gambar berwarna ;c28 cme-0 aAburiyanti0 aRachmat Isnanto aJudul asli : Inside a Clock 4aJam dan arloji aBerisi penjelasan mendalam tentang sejarah perkembangan jam dari jam air yang sering membuat orang terlambat sampai jam atom yang sangat akurat. Melalui buku ini kita dapat melihat cara kerja dan fungsi dari setiap bagian jam secara rinci. Buku ini juga mengulas semua jenis dan kegunaan jam yang tidak terbatas. Terdapat arsip fakta di dalam buku yang menekankan hal-hal khusus dan informasi menarik. a00068/R/2007